000
00364nam a2200169Ia 4500
100
_a
Rajput/R.K
650
_a
Fluid Mechanics
942
_c
BK
366
_f
20
654
_a
fluid mechanics
245
_a
Text book of Fluid Mechanics
260
_b
S.Chand & C0
_a
Mumbai
_c
1998
082
_a
532/RAJ
_b
RAJ
300
_a
999
546
_a
ENGLISH
999
_c
19592
_d
19592